[Event "12th ECC Women"]
[Site "Kemer TUR"]
[Date "2007.10.09"]
[Round "7"]
[White "Danielian,E"]
[Black "Arakhamia,K"]
[Result "1-0"]
[WhiteElo "2458"]
[BlackElo "2432"]

1.d4 Nf6 2.Bg5 g6 3.Bxf6 exf6 4.e3 Bg7 5.c4 f5 6.Ne2 d6 7.Nbc3 Nd7 8.g3 h5
9.h4 Nf6 10.Bg2 O-O 11.O-O Re8 12.Qd3 c6 13.b4 Qe7 14.b5 Ne4 15.a4 Bh6 16.Nf4 a5
17.Rab1 Kh7 18.bxc6 bxc6 19.Rb6 Ra6 20.Rb8 Nf6 21.c5 Qc7 22.Rfb1 d5 23.R8b6 Qa7
24.Bf1 Rxb6 25.cxb6 Qe7 26.Qd2 Bb7 27.Nd1 c5 28.Qxa5 cxd4 29.Qb4 Qxb4 30.Rxb4 dxe3
31.Nxe3 Ra8 32.Bg2 Bf8 33.Rb1 Rxa4 34.Nfxd5 Ne4 35.Nf6+ Kg7 36.Ne8+ Kh6 37.Nf6 Bc5
38.Bxe4 fxe4 39.Nd7 Bd4 40.Nc2 e3 41.fxe3 Bc3 42.Nc5 Ra2 43.Nxb7 Rxc2 44.Nd6 Bd2
45.Rb3  1-0

[Event "Open"]
[Site "Hoogeveen NED"]
[Date "2007.10.12"]
[Round "1"]
[White "Winants,L"]
[Black "Van den Berg,Ad"]
[Result "1-0"]
[WhiteElo "2504"]
[BlackElo "2248"]

1.d4 Nf6 2.Bg5 c5 3.d5 e5 4.Nc3 d6 5.e4 Be7 6.Nf3 O-O 7.Be2 Bg4 8.Bxf6 Bxf6
9.Nd2 Bxe2 10.Qxe2 Nd7 11.a4 Be7 12.Nc4 Nf6 13.O-O Qd7 14.g3 Rad8 15.Rad1 Rfe8
16.f4 exf4 17.gxf4 Qg4+ 18.Qxg4 Nxg4 19.h3 Nh6 20.Kg2 f6 21.Nb5 Bf8 22.Rfe1 Nf7
23.a5 Rd7 24.Nxa7 Rde7 25.Kf3 f5 26.e5 dxe5 27.fxe5 Nxe5+ 28.Nxe5 Rxe5 29.Rxe5 Rxe5
30.d6  1-0

[Event "IV Amateur Open"]
[Site "Calvia ESP"]
[Date "2007.10.13"]
[Round "8"]
[White "Juan Mas,S"]
[Black "Muratet Casadevall,A"]
[Result "0-1"]
[WhiteElo "2090"]
[BlackElo "2169"]

1.d4 Nf6 2.Bg5 d5 3.Nd2 Nbd7 4.Ngf3 c6 5.e3 e6 6.Ne5 Nxe5 7.dxe5 h6 8.Bh4 g5
9.Bg3 Nd7 10.Qh5 Qb6 11.O-O-O a5 12.h4 Rg8 13.e4 a4 14.exd5 a3 15.b3 cxd5
16.Nb1 Nc5 17.Qe2 Bd7 18.hxg5 hxg5 19.Qe3 Qa5 20.f3 g4 21.Be1 Qc7 22.Rh7 b5
23.Nc3 Qb6 24.Qf4 Bg7 25.Qg5 Qd8 26.Qxg4 Kf8 27.Bh4 Qa5 28.b4 Qc7 29.bxc5 Bh6+
30.Rxh6 Rxg4 31.fxg4 Qxe5 32.Be1 b4 33.Rh5 Qf6 34.g5 Qe5 35.Be2 bxc3 36.g6 Qf4+  0-1

[Event "TCh-ROU Superliga"]
[Site "Predeal ROU"]
[Date "2007.10.14"]
[Round "2"]
[White "Mateuta,G"]
[Black "Nemeth,F"]
[Result "1/2-1/2"]
[WhiteElo "2498"]
[BlackElo "2446"]

1.d4 Nf6 2.Bg5 d5 3.Bxf6 gxf6 4.e3 c5 5.Nc3 cxd4 6.exd4 Nc6 7.Qh5 Rg8 8.Qxh7 Rg4
9.Nf3 e6 10.O-O-O Bd7 11.Bb5  1/2-1/2

[Event "FSGM October"]
[Site "Budapest HUN"]
[Date "2007.10.15"]
[Round "10"]
[White "Bui Vinh"]
[Black "Fodor,T jr"]
[Result "1/2-1/2"]
[WhiteElo "2461"]
[BlackElo "2422"]

1.d4 Nf6 2.Bg5 d5 3.c4 dxc4 4.Nc3 c6 5.a4 Nbd7 6.e3 Qa5 7.Bxf6 exf6 8.Bxc4 Nb6
9.Bb3 Bb4 10.Ne2 O-O 11.O-O Bf5 12.e4 Bg6 13.f3 Rad8 14.Qc1 f5 15.Qf4 fxe4
16.fxe4 c5 17.d5 c4 18.Bc2 Bd6 19.Qc1 Nd7 20.Kh1 Ne5 21.Nf4 a6 22.Qe3 Rfe8
23.Qh3 Bb8 24.Rab1 Rd6 25.b4 Qd8 26.b5 a5 27.Rbe1 Qg5 28.Nce2 Ba7 29.Qc3 Bb6
30.Ng3 Ng4 31.Qf3 Qh4 32.h3 Ne5 33.Qc3 Bd4 34.Qxd4 Qxg3 35.Re3  1/2-1/2

[Event "IV Open"]
[Site "Calvia ESP"]
[Date "2007.10.17"]
[Round "3"]
[White "Jedynak,R"]
[Black "Caspi,I"]
[Result "0-1"]
[WhiteElo "2543"]
[BlackElo "2377"]

1.d4 Nf6 2.Bg5 c5 3.d5 Ne4 4.Bf4 Qb6 5.Bc1 e5 6.f3 Nd6 7.e4 f5 8.Nc3 Be7
9.Nh3 fxe4 10.fxe4 O-O 11.Nf2 c4 12.Qe2 Na6 13.Nfd1 Nc5 14.Be3 Qa5 15.Qd2 Qc7
16.Nf2 b5 17.a3 a5 18.Be2 Ba6 19.Bf3 Bh4 20.O-O b4 21.Bxc5 Qxc5 22.Na4 Qa7
23.axb4 c3 24.Nxc3 Bxf1 25.Rxf1 axb4 26.Nd1 Qb6 27.Kh1 Ra1 28.Nd3 Nxe4 29.Qe2 Ng5
30.Nxe5 Qd6 31.Nc4 Qh6 32.d6 Nxf3 33.gxf3 Bg3 34.Nde3 Rxf1+ 35.Nxf1 Bxd6
36.Qd3 Bb8 37.Qxd7 Rxf3 38.Kg2 Rf8 39.Ng3 Qf4 40.Qd5+ Kh8 41.c3 Qf2+ 42.Kh3 Bxg3
43.hxg3 Qf1+ 44.Kg4 Qe2+ 45.Kh3 bxc3 46.bxc3 Qf3 47.Qd4 Qh1+ 48.Kg4 h5+ 49.Kg5 Qh3
50.Ne3 Qxg3+ 51.Kxh5 Kh7  0-1

[Event "ch-ISL Rapid"]
[Site "Reykjavik ISL"]
[Date "2007.10.20"]
[Round "5.1"]
[White "Thorfinnsson,Bj"]
[Black "Kristjansson,St"]
[Result "1-0"]
[WhiteElo "2323"]
[BlackElo "2458"]

1.d4 Nf6 2.Bg5 c5 3.Bxf6 gxf6 4.d5 f5 5.c3 d6 6.g3 Nd7 7.Bg2 Bg7 8.Nd2 b5
9.Qc2 Ne5 10.Nh3 Ng6 11.a4 b4 12.c4 b3 13.Nxb3 Qb6 14.O-O Rb8 15.Ra3 O-O
16.Rb1 Bd7 17.Nc1 Qa5 18.Nf4 Nxf4 19.gxf4 Kh8 20.Nd3 Bf6 21.Bf3 Rg8+ 22.Kh1 Rg6
23.Raa1 Rbg8 24.Rf1 Rh6 25.Rg1 Rxg1+ 26.Kxg1 Qd8 27.Kh1 Qe8 28.a5 e5 29.dxe6 fxe6
30.Rg1 e5 31.Bd5 Bc6 32.Bxc6 Qxc6+ 33.f3 e4 34.Ne1 Bd4 35.Rg5 Rg6 36.Rxg6 hxg6
37.fxe4 Qxe4+ 38.Qxe4 fxe4 39.b3 a6 40.Nc2 Bc3 41.Ne3 Bxa5 42.Nd5 Kg7 43.Kg2 Kf7
44.Kg3 Bd2 45.Kg4 a5 46.h4 Be1 47.h5 gxh5+ 48.Kxh5 Bd2 49.Kg5 Ke6 50.Kg6 Bxf4
51.Nxf4+ Ke5 52.Nd5 Kd4 53.Kf5 e3 54.Ke6 a4 55.bxa4 Kxc4 56.Kxd6 Kd4 57.Nxe3  1-0

[Event "33rd Fortis Open"]
[Site "Guernsey GCI"]
[Date "2007.10.21"]
[Round "1"]
[White "Collier,D"]
[Black "Gravett,A"]
[Result "0-1"]
[WhiteElo "2131"]
[BlackElo "1961"]

1.d4 Nf6 2.Bg5 c5 3.Bxf6 gxf6 4.d5 d6 5.c4 Bf5 6.Nc3 Qb6 7.Qd2 h5 8.e4 Bg6
9.Rb1 Nd7 10.f4 f5 11.Nf3 fxe4 12.f5 Bxf5 13.Qf4 Bg6 14.Nh4 Bh6 15.Qg3 Bh7
16.Qh3 Bg7  0-1

[Event "33rd Fortis Open"]
[Site "Guernsey GCI"]
[Date "2007.10.22"]
[Round "2"]
[White "Khamroev,R"]
[Black "Bellin,R"]
[Result "0-1"]
[WhiteElo "2083"]
[BlackElo "2400"]

1.d4 Nf6 2.Bg5 d5 3.Bxf6 exf6 4.Nf3 c6 5.e3 Qb6 6.Qc1 Bf5 7.Nbd2 Na6 8.c3 Rc8
9.Be2 Be7 10.O-O O-O 11.Re1 Rfe8 12.Bd1 g6 13.Bc2 Bxc2 14.Qxc2 f5 15.Ne5 Qc7
16.Ndf3 Bd6 17.Qb3 Nc5 18.Qc2 Ne4 19.c4 f6 20.Nd3 Qf7 21.Rac1 Rcd8 22.cxd5 cxd5
23.Qa4 a6 24.Rc2 g5 25.Nd2 Nxd2 26.Rxd2 Rc8 27.Rc2 Rc4 28.Rxc4 dxc4 29.Nc1 Qe6
30.Qc2 b5 31.a3 Qd5 32.Qd2 Re7 33.Na2 Bc7 34.Nc3 Qd6 35.g3 Ba5 36.Rd1 Bxc3
37.Qxc3 Qd5 38.Qb4 Rb7 39.Rc1 Kf7 40.Qe1 f4 41.Qf1 f3 42.Qh3 Kg6 43.Qc8 Qd7
44.Qxd7 Rxd7 45.g4 f5 46.h3 fxg4 47.hxg4 h5 48.gxh5+ Kxh5 49.Kh2 Kh4 50.Rd1 Kg4
51.Rg1+ Kf5 52.Kg3 Ke4 53.Rd1 a5 54.d5 Rxd5 55.Rxd5 Kxd5 56.Kxf3 b4 57.axb4 axb4
58.Ke2 g4  0-1

[Event "Open A"]
[Site "Arco di Trento ITA"]
[Date "2007.10.23"]
[Round "4"]
[White "Allegranti,L"]
[Black "Vistisen,L"]
[Result "0-1"]
[WhiteElo "2040"]
[BlackElo "2153"]

1.d4 Nf6 2.Bg5 c5 3.Bxf6 gxf6 4.d5 f5 5.e3 e5 6.dxe6 dxe6 7.Qxd8+ Kxd8 8.Nc3 a6
9.a4 Bd7 10.Bc4 Rg8 11.g3 Bc6 12.f3 Bg7 13.Nd1 Nd7 14.Kf2 Nb6 15.Bb3 c4 16.a5 cxb3
17.axb6 bxc2 18.Nc3 Ke7 19.Rc1 a5 20.Nge2 Rgd8 21.Rxc2 Ra6 22.Ra1 a4 23.e4 fxe4
24.Nxe4 Rxb6 25.N2c3 f5  0-1

[Event "22nd GP Open A"]
[Site "Le Touquet FRA"]
[Date "2007.10.29"]
[Round "4"]
[White "Claverie,C"]
[Black "Dehesdin,W"]
[Result "1-0"]
[WhiteElo "2320"]
[BlackElo "2110"]

1.d4 Nf6 2.Bg5 c5 3.dxc5 Qa5+ 4.Qd2 Qxc5 5.Nc3 d6 6.e4 Nc6 7.Bxf6 gxf6 8.Nd5 Qd4
9.Nc7+ Kd8 10.Nxa8 Qxe4+ 11.Qe2 Bf5 12.c3 Bh6 13.Qxe4 Bxe4 14.f3 Bc2 15.Nh3 Kd7
16.Nf2 Ne5 17.Bb5+  1-0

[Event "7th Rohde Open"]
[Site "Sautron FRA"]
[Date "2007.10.30"]
[Round "5"]
[White "Godart,F"]
[Black "Edouard,R"]
[Result "0-1"]
[WhiteElo "1990"]
[BlackElo "2472"]

1.d4 Nf6 2.Bg5 c5 3.Nc3 d5 4.Bxf6 gxf6 5.e3 e6 6.Qh5 Nc6 7.Nf3 Bd7 8.O-O-O cxd4
9.Nxd4 Nxd4 10.Rxd4 f5 11.Bb5 Bxb5 12.Nxb5 Qa5 13.Nc3 Bg7 14.Ra4 Qc5 15.Ra3 b5
16.Qg5 Rg8 17.Rb3 b4 18.Na4 Qc6 19.Qh4 Rc8 20.c3 Qxa4 21.Rxb4 Qc6 22.Qxh7 Bxc3
23.bxc3 Qxc3+ 24.Kd1 Qd3+  0-1

[Event "ETCC w"]
[Site "Crete GRE"]
[Date "2007.10.31"]
[Round "4"]
[White "Raeva,E"]
[Black "Papadopoulou,V"]
[Result "1/2-1/2"]
[WhiteElo "2242"]
[BlackElo "2218"]

1.d4 Nf6 2.Bg5 d5 3.Bxf6 exf6 4.e3 Bd6 5.Nf3 c6 6.c4 dxc4 7.Bxc4 O-O 8.O-O f5
9.Nc3 Nd7 10.Qc2 Nf6 11.Rad1 a6 12.a3 Qc7 13.h3 g6 14.b4 Bd7 15.Qb2 Rac8
16.Ba2 Rfd8 17.Rc1 Be8 18.Na4 Ne4 19.Nc5 Qe7 20.Nd2 Nxd2 21.Qxd2 a5 22.Qb2 b6
23.Nd3 Ra8 24.Rc3 axb4 25.Nxb4 Bxb4 26.axb4 Ra4 27.Rb1 Rda8 28.Bb3 R4a7 29.Rbc1 Rd8
30.Bd1 f4 31.Bf3 fxe3 32.Rxe3 Qd6 33.Rce1 Bd7 34.Re7 Raa8 35.b5 Be6 36.Rb7 cxb5
37.Qxb5 Qxd4 38.Qxb6 Qxb6 39.Rxb6 Ra2 40.Re2 Rd1+ 41.Kh2 Rxe2 42.Bxe2 Rd2
43.Bf3 Rxf2 44.h4 h5 45.Rb5 Rd2 46.Kg3 Rd4 47.Re5 Kg7 48.Re4 Rxe4 49.Bxe4 f6
50.Kf4 Kh6 51.g3 Bd7 52.Bf3  1/2-1/2

[Event "22nd GP Open A"]
[Site "Le Touquet FRA"]
[Date "2007.11.01"]
[Round "8"]
[White "Claverie,C"]
[Black "D'Costa,L"]
[Result "1/2-1/2"]
[WhiteElo "2320"]
[BlackElo "2395"]

1.d4 Nf6 2.Bg5 c5 3.d5 Ne4 4.Bc1 e6 5.dxe6 fxe6 6.Nd2 Nf6 7.e4 Nc6 8.Ngf3 Qc7
9.Bb5 d5 10.Qe2 Be7 11.O-O O-O 12.c3 Bd7 13.Bd3 Be8 14.exd5 exd5 15.Ng5 Bh5
16.Ndf3 Nd8 17.Bf4 Qxf4 18.Qxe7 c4 19.Bc2 Re8 20.Qc5 h6 21.Nh3 Qb8 22.Nd4 b6
23.Qa3 Nf7 24.f3 Nd6 25.Rae1 Qc7 26.Nf4 Bf7 27.Nfe6 Bxe6 28.Nxe6 Qd7 29.Nd4 Kf7
30.Kf2 a5 31.g4 Qc7 32.Kg2 b5 33.Bf5 Qb7 34.h4 b4 35.Qa4 bxc3 36.bxc3 Qb2+
37.Qc2 Reb8 38.Bg6+ Kg8 39.Rb1 Qxc2+ 40.Bxc2 a4 41.Rxb8+ Rxb8 42.Bxa4 Ra8
43.Bc6 Rxa2+ 44.Rf2 Ra5 45.Re2 Nf7 46.Kg3 Ra1 47.Kf4 Rh1 48.h5 Rc1 49.Re3 Nd8
50.Ba4 Kf7 51.Bc2 Kf8 52.Bg6 Ra1 53.Nf5 d4 54.Nxd4 Nd5+ 55.Ke4 Nxe3 56.Kxe3 Ke7
57.Nf5+ Kf6 58.Nd6 Re1+ 59.Kd2 Re7 60.Nxc4 Kg5 61.Ne3 Rd7+ 62.Ke2 Ne6 63.Be4 Ra7
64.Nd5 Ra1 65.Bf5 Nc5 66.Kf2 Kh4 67.Ke3 Rd1 68.Nf4 Rd8 69.Bg6 Kg5 70.Nh3+ Kf6
71.Nf4 Kg5  1/2-1/2

[Event "13th Venice Autumn"]
[Site "Venice ITA"]
[Date "2007.11.01"]
[Round "1"]
[White "Cristiani,C"]
[Black "Pesco,G"]
[Result "1-0"]
[WhiteElo "2166"]
[BlackElo "2031"]

1.d4 Nf6 2.Bg5 g6 3.Bxf6 exf6 4.e3 Bg7 5.Ne2 d6 6.Nf4 c6 7.Nd2 f5 8.h4 Nd7
9.h5 Nf6 10.hxg6 hxg6 11.Rxh8+ Bxh8 12.Bd3 a5 13.Qf3 Qe7 14.O-O-O Be6 15.a3 d5
16.Kb1 a4 17.c4 Ne4 18.Nxe6 Qxe6 19.cxd5 cxd5 20.Nxe4 fxe4 21.Bb5+ Ke7 22.Qe2 Qb6
23.Rc1 Ra5 24.Rc5 Kd6 25.f3 f5 26.fxe4 fxe4 27.Qf1 Qd8 28.Qf4+ Ke6 29.Qg4+ Kd6
30.Qxg6+ Bf6 31.Qf7 Rxb5 32.Qxd5+ Ke7 33.Qxe4+ Kf8 34.Rxb5 Qc7 35.Rf5  1-0

[Event "VIII Int Rapid"]
[Site "El Sauzal ESP"]
[Date "2007.11.03"]
[Round "2"]
[White "Hernandez Leon,S"]
[Black "Komljenovic,D"]
[Result "0-1"]
[WhiteElo "1998"]
[BlackElo "2471"]

1.d4 Nf6 2.Bg5 c5 3.Bxf6 gxf6 4.d5 Qb6 5.Qc1 Bg7 6.c4 Qb4+ 7.Nd2 f5 8.Rb1 Na6
9.a3 Qa5 10.Nf3 d6 11.e3 Bd7 12.Bd3 Rc8 13.O-O Qd8 14.e4 fxe4 15.Nxe4 h6
16.Re1 O-O 17.Ng3 e6 18.Nh5 e5 19.Nxg7 Kxg7 20.Qc3 f5 21.Nd2 Qf6 22.Re3 e4
23.Rg3+ Kh8 24.Qxf6+ Rxf6 25.Bxe4 fxe4 26.Nxe4 Bf5  0-1

[Event "13th Venice Autumn"]
[Site "Venice ITA"]
[Date "2007.11.03"]
[Round "4"]
[White "Vancini,E"]
[Black "Grandesso,E"]
[Result "1/2-1/2"]
[WhiteElo "2290"]
[BlackElo "2092"]

1.d4 Nf6 2.Bg5 g6 3.Bxf6 exf6 4.e3 Bg7 5.g3 O-O 6.Bg2 d6 7.Ne2 Nd7 8.O-O f5
9.c4 c6 10.Nbc3 Nf6 11.Qd3 Qe7 12.b4 Bd7 13.b5 Rac8 14.Rab1 Rfd8 15.Rb3 Be6
16.bxc6 bxc6 17.Rfb1 d5 18.c5 f4 19.Qa6 fxe3 20.fxe3 Bf5 21.e4 Nxe4 22.Nxe4 Bxe4
23.Bxe4 Qxe4 24.Qd3 Re8 25.Kf2 Bh6 26.R1b2 Qg4 27.Qf3 Qh3 28.Kg1 Re4 29.Rb8 Rce8
30.Qxe4 dxe4 31.Rxe8+ Kg7 32.Rxe4 Qf5 33.Re5 Qd3 34.Rb3 Qd1+ 35.Kg2 Qc2 36.Ra3 Bg5
37.Kf3 Bf6 38.Re4 a6 39.h4 Qd1 40.Ke3 g5 41.Rxa6 Bd8 42.h5 Qh1 43.Rxc6 Qxh5
44.Ra6 Qh3 45.Ra8 Bc7 46.Kd3 Bxg3 47.Nxg3 Qxg3+ 48.Re3 Qg2 49.Ra3 Qd5 50.Rc3 Qc6
51.Kc4 g4 52.d5 Qa4+ 53.Kd3 Qxa2 54.Kd4 Qa4+ 55.Ke5 Qe8+ 56.Kf4 Qd7 57.d6 Kf6
58.Kg3 h5 59.Red3 Kg5 60.c6 Qf5 61.d7 h4+ 62.Kg2 h3+ 63.Kg1 h2+ 64.Kxh2 Qf2+
65.Kh1  1/2-1/2

[Event "13th Venice Autumn"]
[Site "Venice ITA"]
[Date "2007.11.04"]
[Round "6"]
[White "Vianello,E"]
[Black "Szirmai,Em"]
[Result "1/2-1/2"]
[WhiteElo "2169"]
[BlackElo "2102"]

1.d4 Nf6 2.Bg5 g6 3.Bxf6 exf6 4.e3 Bg7 5.g3 d5 6.Bg2 c6 7.Ne2 O-O 8.O-O Re8
9.Nd2 f5 10.Nf4 Nd7 11.c4 dxc4 12.Nxc4 Nf6 13.a4 Ne4 14.Qc2 Be6 15.Rfd1 Bd5
16.a5 Nf6 17.Nxd5 Nxd5 18.Qb3 Qd7 19.Rac1 Re6 20.Rc2 Rae8 21.Bxd5 cxd5 22.Nd2 f4
23.gxf4 Rxe3 24.fxe3 Qg4+ 25.Kf2 Qxd1 26.Nf3 b6 27.axb6 axb6 28.Rc3 Qxb3
29.Rxb3 Re6 30.Rb5 Rd6 31.Ne5 f6 32.Nd3 Kf7 33.f5 Bh6 34.Nb4 gxf5 35.Nxd5 Ke6
36.Nxb6 f4 37.d5+ Kf5 38.Kf3 fxe3 39.Nc4 Rd8 40.d6+ Ke6 41.Rh5 Bf8 42.Rxh7 Bxd6
43.Kxe3 Bc5+ 44.Ke2 Bd4 45.Rh3 Rb8 46.b3 f5 47.Rd3 Bc5 48.h3 Rg8 49.Rf3 Rb8
50.Kd2 Bb4+ 51.Kc2 Rf8 52.Kd3 Rd8+ 53.Ke3 Bc5+ 54.Kf4 Kf6 55.Kg3 Re8 56.Kh2 Rh8
57.Ne3 Bxe3 58.Rxe3 f4 59.Rf3 Kf5 60.Kg2 Ke4 61.Rf1 Rg8+ 62.Kf2 Rg3 63.Re1+ Kf5
64.Rb1 Rxh3 65.b4  1/2-1/2

[Event "ETCC w"]
[Site "Crete GRE"]
[Date "2007.11.06"]
[Round "9"]
[White "Heinatz,G"]
[Black "Petraki,M"]
[Result "1-0"]
[WhiteElo "2193"]
[BlackElo "2099"]

1.d4 Nf6 2.Bg5 d5 3.Nd2 c6 4.c3 Bf5 5.e3 Nbd7 6.f4 Qc7 7.Be2 h6 8.Bh4 e6
9.Bf3 Bd6 10.Ne2 g5 11.fxg5 hxg5 12.Bxg5 Rxh2 13.Rxh2 Bxh2 14.Nf1 Bd6 15.Qb3 O-O-O
16.a4 Rg8 17.Bf4 e5 18.dxe5 Bxe5 19.Qa3 Bd3 20.g3 Re8 21.O-O-O Bh7 22.a5 Ne4
23.Bxe4 Bxe4 24.Nd2 Bg6 25.Nd4 a6 26.N4f3 Bxf4 27.exf4 c5 28.b3 Qd6 29.Nc4 Qf6
30.Nce5 Bh5 31.Qa4 Rxe5 32.Nxe5 Nxe5 33.Qe8+ Kc7 34.Rxd5 Qe6 35.Qxe6 Nd3+
36.Rxd3 fxe6 37.Kd2 Kc6 38.c4 Bg6 39.Re3 Bf5 40.Kc3 Kd6 41.Re2 Kc6 42.Rh2 Bg4
43.Rh4  1-0

[Event "ch-UKR Final"]
[Site "Kharkov UKR"]
[Date "2007.11.17"]
[Round "1"]
[White "Miroshnichenko,E"]
[Black "Kovchan,A"]
[Result "1/2-1/2"]
[WhiteElo "2651"]
[BlackElo "2507"]

1.d4 Nf6 2.Bg5 c5 3.Nc3 Qb6 4.d5 Qxb2 5.Bd2 Qb6 6.e4 d6 7.f4 g6 8.e5 Nfd7
9.Rb1 Qd8 10.Nf3 Bh6 11.Bd3 Nb6 12.O-O Na6 13.Bb5+ Bd7 14.f5 Bxd2 15.Qxd2 Bxb5
16.Nxb5 dxe5 17.d6 Nc4 18.Qd5 Nxd6 19.fxg6 hxg6 20.Nxe5 O-O 21.Nxg6 Nxb5
22.Rxb5 e6 23.Qxd8 Rfxd8 24.Ne7+ Kg7 25.Rxb7 Rdb8 26.Rd7 Rd8 27.Rb7  1/2-1/2

[Event "TCh-FIN 2007-8"]
[Site "Finland FIN"]
[Date "2007.11.18"]
[Round "5"]
[White "Karttunen,M"]
[Black "Sepp,O"]
[Result "1/2-1/2"]
[WhiteElo "2427"]
[BlackElo "2457"]

1.d4 Nf6 2.Bg5 d5 3.Bxf6 exf6 4.e3 Bd6 5.Nd2 f5 6.Qf3 c6 7.Bd3 g6 8.h3 h5
9.Ne2 Be6 10.Nf4 Nd7 11.Nxe6 fxe6 12.g4 Qa5 13.gxf5 gxf5 14.Rg1 O-O-O 15.c3 Nf6
16.Rg6 Rdf8 17.a3 Rhg8 18.Rxg8 Rxg8 19.O-O-O Qc7 20.c4 Qg7 21.Rh1 Qg2 22.c5 Bc7
23.Kd1 Ne4 24.Bxe4 fxe4 25.Qxg2 Rxg2 26.Ke1 e5 27.Nb3 Kd7 28.Kf1 Rg7 29.Rg1 Rxg1+
30.Kxg1 Ke6 31.Kg2 Kf5 32.Kg1 Kf6 33.Kg2 exd4 34.Nxd4 Be5 35.h4 Kg6 36.b3 Kf6  1/2-1/2

[Event "WYb16"]
[Site "Kemer TUR"]
[Date "2007.11.18"]
[Round "1"]
[White "Tasdelen,D"]
[Black "Martinovic,Sa"]
[Result "0-1"]
[WhiteElo "1990"]
[BlackElo "2362"]

1.d4 Nf6 2.Bg5 d5 3.e3 c5 4.c3 Qb6 5.Qb3 Ne4 6.Bf4 c4 7.Qc2 Bf5 8.Qc1 e6
9.h4 Bd6 10.g4 Bxg4 11.f3 Ng3 12.fxg4 Nxh1 13.Ne2 Qd8 14.g5 h6 15.Bg2 hxg5
16.hxg5 Nc6 17.e4 e5 18.dxe5 Nxe5 19.Bxe5 Bxe5 20.Qe3 Qd6 21.exd5 Kf8 22.Nd2 Re8
23.O-O-O Ng3 24.Nxg3 Bxg3 25.Qxa7 Rh2 26.Bf3 Bf4 27.Qd4 Bxg5 28.Qxc4 b5 29.Qxb5 Rxd2
30.Rxd2 Bxd2+ 31.Kxd2 Qf4+ 32.Kc2 Qxf3 33.a4 Qe2+ 34.Qxe2 Rxe2+ 35.Kb3 g5
36.a5 g4 37.d6 g3 38.d7 Rd2  0-1

[Event "WYb18"]
[Site "Kemer TUR"]
[Date "2007.11.19"]
[Round "2"]
[White "Idrisov,T"]
[Black "Kvon,A"]
[Result "1-0"]
[WhiteElo "2191"]
[BlackElo "2360"]

1.d4 Nf6 2.Bg5 c5 3.Bxf6 gxf6 4.d5 Qb6 5.Qc1 f5 6.c3 d6 7.e3 Nd7 8.Ne2 Nf6
9.c4 Bg7 10.Nec3 Bd7 11.a3 e6 12.Be2 h5 13.Qc2 Qc7 14.Nd2 a6 15.Bd3 Rb8 16.a4 Ng4
17.a5 Qd8 18.Nf3 Qf6 19.Qe2 Kd8 20.Rb1 Qe7 21.Qc2 Rg8 22.h3 Qf6 23.Na4 e5
24.Be2 f4 25.e4 Bh6 26.Nb6  1-0

[Event "ch-UKR Final"]
[Site "Kharkov UKR"]
[Date "2007.11.19"]
[Round "3"]
[White "Truskavetsky,A"]
[Black "Gasanov,E"]
[Result "1/2-1/2"]
[WhiteElo "2398"]
[BlackElo "2503"]

1.d4 Nf6 2.Bg5 d5 3.Nd2 Nbd7 4.Ngf3 g6 5.e3 Bg7 6.Bd3 O-O 7.O-O c5 8.c3 b6
9.Qe2 Bb7 10.Ba6 Qc8 11.Bxb7 Qxb7 12.h3 Rfc8 13.Rfe1 b5 14.e4 dxe4 15.Nxe4 Nxe4
16.Qxe4 Qxe4 17.Rxe4 e6 18.dxc5 Nxc5 19.Re2 a5 20.a3 Na4 21.Rd2 Nb6 22.Rad1 Nd5
23.Ne1 b4 24.axb4 axb4 25.cxb4 Rc4 26.Nc2 Bxb2 27.b5 Rc5 28.Ne3 Nxe3 29.Bxe3 Rxb5
30.Bh6 Bf6 31.g4 Bg5 32.Bxg5 Rxg5 33.Rd8+ Rxd8 34.Rxd8+ Kg7 35.Kg2 h5 36.Rd4 Rd5
37.Ra4 h4 38.Ra7 Kf6 39.Rb7 Rd4 40.Ra7 Rf4 41.Ra5 e5 42.Ra6+ Kg5 43.Ra7 f6
44.Re7 Re4 45.Re6 Re1 46.Re8 e4 47.Re7 Kf4 48.Re6 Kg5 49.Re8 f5 50.gxf5 gxf5
51.Rg8+ Kf4 52.Rh8 Kg5 53.Rg8+ Kf6 54.Rf8+ Ke5 55.Re8+ Kf6 56.Rf8+ Kg6 57.Rg8+ Kh5
58.Rh8+ Kg5 59.Rg8+ Kf4 60.Rh8 Ke5 61.Re8+ Kf4 62.Rh8  1/2-1/2

[Event "ch-UKR Final"]
[Site "Kharkov UKR"]
[Date "2007.11.20"]
[Round "4"]
[White "Kovalenko,I"]
[Black "Shishkin,Va UKR"]
[Result "1-0"]
[WhiteElo "2429"]
[BlackElo "2530"]

1.d4 Nf6 2.Bg5 d5 3.e3 c5 4.Nc3 e6 5.Nf3 h6 6.Bxf6 Qxf6 7.Bb5+ Bd7 8.Ne5 Bc6
9.Qg4 cxd4 10.exd4 Bb4 11.Bd3 Nd7 12.f4 Nxe5 13.dxe5 Qe7 14.O-O Bxc3 15.bxc3 g6
16.Kh1 O-O-O 17.Qg3 Qc5 18.Qe1 Rd7 19.Rb1 Rc7 20.h3 Kb8 21.Rb3 Ba4 22.Rb4 Bd7
23.Qh4 Bc6 24.Rb3 h5 25.Re1 Ba4 26.Rb2 Qxc3 27.Reb1 Qa5 28.Rb4 Bc6 29.Qf2 Ka8
30.Qd4 Rb8 31.a4 Bd7 32.Kh2 Rbc8 33.c4 Rb8 34.cxd5 Qxd5 35.Qxd5 exd5 36.Rd4 Rc5
37.Kg3 Ra5 38.Ra1 Be6 39.Rc1 b6 40.Kh4 Rc5 41.Rg1 Rbc8 42.g4 hxg4 43.hxg4 Rc3
44.Kg5 Rh8 45.Kf6 Rc6 46.Bb5 Rc7 47.f5 gxf5 48.gxf5 Bc8 49.Rxd5 Rh6+ 50.Kg5 Rh8
51.Rgd1 a6 52.Bd7 Kb8 53.Kf6 Rh7 54.Bxc8 Kxc8 55.Rd8+ Kb7 56.R1d7 b5 57.a5 Rh5
58.Rxc7+ Kxc7 59.Rf8 b4 60.Rxf7+ Kc6 61.Ra7 b3 62.Rxa6+ Kd5 63.e6 Ke4 64.e7 Rxf5+
65.Kg7 Re5 66.Kf7 b2 67.Rb6 Rf5+ 68.Ke8 Rxa5 69.Rxb2 Kd5 70.Kf8  1-0

[Event "WYg18"]
[Site "Kemer TUR"]
[Date "2007.11.21"]
[Round "4"]
[White "Hamrakulova,Y"]
[Black "Gosciniak,M"]
[Result "1-0"]
[WhiteElo "2185"]
[BlackElo "2026"]

1.d4 Nf6 2.Bg5 g6 3.Bxf6 exf6 4.Nd2 Bg7 5.e3 O-O 6.Bd3 d5 7.Ngf3 b6 8.O-O f5
9.c4 Ba6 10.Qc2 Nd7 11.Rac1 dxc4 12.Bxc4 Bxc4 13.Nxc4 c5 14.Rfd1 Qe7 15.h3 Rfd8
16.a4 cxd4 17.exd4 Rac8 18.Qb3 Qe6 19.Qe3 Qd5 20.b3 Nf6 21.Qe7 Qd7 22.Qxd7 Rxd7
23.Nce5 Rdd8 24.Nc6 Re8 25.Ne7+ Rxe7 26.Rxc8+ Bf8 27.Rdc1 Re2 28.R1c2 Re4
29.R2c7 a6 30.Ne5 Nd5 31.Rxf7  1-0

[Event "20th Belgrade Trophy"]
[Site "Belgrade SRB"]
[Date "2007.11.22"]
[Round "1"]
[White "Marcetic,N"]
[Black "Dzunic,V"]
[Result "1/2-1/2"]
[WhiteElo "2379"]
[BlackElo "2031"]

1.d4 d5 2.Bg5 Nf6 3.Bxf6 exf6 4.e3 Nc6 5.Nd2 Bd6 6.g3 O-O 7.Bg2 Re8 8.c3 Ne7
9.a3 c6 10.Ne2 Be6 11.O-O Qd7 12.Re1 Bh3 13.c4 Bxg2 14.Kxg2 dxc4 15.Nc3 b5
16.e4 Bc7 17.Nf3 Ba5 18.Qc2 Ng6 19.Rad1 Qg4 20.Re3 Bxc3 21.bxc3 Nf4+ 22.Kg1 Nd3
23.Ne1 Nxe1 24.Rdxe1 Qd7 25.e5 fxe5 26.Rxe5 Rxe5 27.Rxe5 Re8 28.Qf5 Re6 29.d5 cxd5
30.Rxd5 Qe8 31.Rxb5 g6 32.Qd5 Rd6 33.Qxd6 Qxb5 34.Qd8+ Kg7 35.Qd4+ Kg8 36.Qd8+ Kg7
37.Qd4+ Kg8 38.Qxa7 Qb1+ 39.Kg2 Qe4+ 40.Kh3 Qf5+ 41.Kg2 Qe4+ 42.Kh3  1/2-1/2

[Event "20th Belgrade Trophy"]
[Site "Belgrade SRB"]
[Date "2007.11.24"]
[Round "3"]
[White "Radojkovic,V"]
[Black "Zivanovic,A"]
[Result "1-0"]
[WhiteElo "2037"]
[BlackElo "1995"]

1.d4 d5 2.Bg5 Nf6 3.Bxf6 gxf6 4.e3 Nc6 5.c4 e6 6.Nc3 Bb4 7.Rc1 dxc4 8.Bxc4 e5
9.d5 Na5 10.Qa4+ c6 11.Qxb4 cxd5 12.Nxd5 Nxc4 13.Qxc4 Be6 14.Nc7+ Kf8 15.Qxe6 Rc8
16.Qc4 Qd7 17.Ne6+ fxe6 18.Qxc8+ Qe8 19.Qxe8+ Kg7 20.Rc7+ Kh6 21.Qxh8 b5
22.Nf3 Kh5 23.Qxh7+ Kg4 24.h3+  1-0

[Event "WYb18"]
[Site "Kemer TUR"]
[Date "2007.11.24"]
[Round "7"]
[White "Howell,D"]
[Black "Kokol,P"]
[Result "1-0"]
[WhiteElo "2527"]
[BlackElo "2213"]

1.d4 Nf6 2.Bg5 g6 3.Bxf6 exf6 4.c4 Bg7 5.g3 d5 6.cxd5 Qxd5 7.Nf3 O-O 8.Nc3 Qh5
9.Qb3 c6 10.Bg2 Nd7 11.O-O Nb6 12.Ne4 Bh3 13.Nc5 Bxg2 14.Kxg2 Rfe8 15.Nxb7 Rxe2
16.Rae1 Rxe1 17.Rxe1 Qd5 18.Qxd5 cxd5 19.Rc1 Bh6 20.Rc6 Rc8 21.Na5 Bc1 22.b3 Kg7
23.Kf1 h5 24.Ke2 g5 25.a4 Ba3 26.Kd3 Kg6 27.h3 Bb4 28.Ne5+ Kg7 29.Rxc8 Nxc8
30.Nec6 Bd6 31.Nb7 Bc7 32.Nb4 h4 33.gxh4 Ne7 34.Na6 Bf4 35.b4 Kg6 36.b5 Kh5
37.hxg5 fxg5 38.Nd8 f5 39.Nc6 Nc8 40.Nab4 Kh4 41.Nxd5 Bd6 42.a5 Kxh3 43.b6 axb6
44.axb6 Nxb6 45.Nxb6 Kg2 46.Nc4 Bc7 47.Ke2 f4 48.N6e5 g4 49.Nxg4 f3+ 50.Ke3 Bd8
51.Kf4  1-0

[Event "ch-UKR Final"]
[Site "Kharkov UKR"]
[Date "2007.11.24"]
[Round "8"]
[White "Kuzubov,Y"]
[Black "Aveskulov,V"]
[Result "1-0"]
[WhiteElo "2582"]
[BlackElo "2545"]

1.d4 Nf6 2.Bg5 c5 3.d5 Ne4 4.Bc1 e5 5.Nf3 d6 6.Nfd2 Nxd2 7.Nxd2 Be7 8.e4 Bg5
9.Bd3 O-O 10.O-O Nd7 11.a4 Re8 12.c3 Nf6 13.Nc4 Bxc1 14.Rxc1 Qe7 15.b4 Nd7
16.Qd2 Rd8 17.a5 b5 18.axb6 axb6 19.Ra1 Bb7 20.h3 g6 21.b5 Kg7 22.Qb2 h5
23.Rxa8 Rxa8 24.Ra1 Rb8 25.Ra7 Qf6 26.Qd2 Qe7 27.Qe3 Qf6 28.Qg3 Qe7 29.h4 Nf6
30.Nxb6 Qc7 31.Nc4 Ra8 32.Rxa8 Bxa8 33.Qg5 Nh7 34.Qc1 Qe7 35.g3 Bb7 36.b6 g5
37.Ne3 Bc8 38.Ba6 Bd7 39.b7  1-0

[Event "TCh-HUN 2007-8"]
[Site "Budapest HUN"]
[Date "2007.11.25"]
[Round "3"]
[White "Hoang Thanh Trang"]
[Black "Horvath,Ad1"]
[Result "1/2-1/2"]
[WhiteElo "2466"]
[BlackElo "2501"]

1.d4 Nf6 2.Bg5 d5 3.e3 c6 4.Bd3 g6 5.Nf3 Bg7 6.Nbd2 O-O 7.O-O Nbd7 8.h3 c5
9.c3 b6 10.Qe2 Bb7 11.Rfd1 Ne4 12.Bf4 Nxd2 13.Rxd2 c4 14.Bc2 b5 15.e4 Nf6
16.exd5 Nxd5 17.Bg3 Rc8 18.Be4 a5 19.a3 e6 20.Rdd1 Qb6 21.Ne5 Rfd8 22.Bf3 f6  1/2-1/2

[Event "20th Belgrade Trophy"]
[Site "Belgrade SRB"]
[Date "2007.11.28"]
[Round "7"]
[White "Ostojic,N1"]
[Black "Bojovic,D"]
[Result "1/2-1/2"]
[WhiteElo "2414"]
[BlackElo "2228"]

1.d4 Nf6 2.Bg5 c5 3.Bxf6 gxf6 4.d5 Qa5+ 5.c3 d6 6.e3 Nd7 7.Nd2 Bg7 8.a4 Ne5
9.Bb5+ Bd7 10.f4 Ng6 11.Bxd7+ Kxd7 12.Qg4+ Kc7 13.Qe2 Qa6 14.f5 Qxe2+ 15.Kxe2 Ne5
16.Ngf3 Nd7 17.Nc4 Rhe8 18.Rhd1 b6 19.b4 Bf8 20.e4 Bh6 21.b5 Bf4 22.g3 Be5
23.Kd3 a5 24.bxa6 Rxa6 25.Ra3 Rea8 26.Rda1 h5 27.Kc2 Rg8 28.Rb1 Rga8 29.Rba1 Rg8
30.Rb1 Rga8  1/2-1/2